[Event "Chess24 Banter Blitz Cup"]
[Site "chess24.com INT"]
[Date "2019.10.03"]
[Round "1.10"]
[White "Alonso Rosell, Alvar"]
[Black "Fressinet, Laurent"]
[Result "0-1"]
[WhiteTitle "GM"]
[BlackTitle "GM"]
[WhiteElo "2548"]
[BlackElo "2633"]
[WhiteFideId "2270544"]
[BlackFideId "608742"]
[EventDate "2019.09.25"]
[EventType "blitz"]

1. d4 Nf6 2. Nf3 d5 3. c4 e6 4. g3 Bb4+ 5. Bd2 Be7 6. Bg2 O-O 7. O-O Nbd7 8. Qc2
c6 9. Rd1 a5 10. Bf4 b6 11. Ne5 Bb7 12. Nc3 Rc8 13. e4 dxc4 14. Nxc4 b5 15. Ne3
Nb6 16. Rac1 h6 17. g4 Nfd7 18. Bg3 Bh4 19. Qe2 b4 20. Nb1 Bxg3 21. hxg3 Qe7 22.
e5 Ba8 23. f4 Nd5 24. Nc4 c5 25. Nd6 Rc7 26. Nd2 cxd4 27. Rxc7 Nxc7 28. Bxa8
Rxa8 29. Nb3 Nd5 30. Nxd4 Nf8 31. f5 Qa7 32. Kh2 a4 33. fxe6 fxe6 34. Qf3 Kh8
35. Nxe6 Nxe6 36. Qxd5 Ng5 37. Rf1 a3 38. b3 Rd8 39. e6 Qe7 40. Nf5 Rxd5 41.
Nxe7 Rd2+ 42. Kg1 Nxe6 43. Ng6+ Kg8 44. Ne7+ Kh7 45. Nf5 Rxa2 0-1

[Event "Chess24 Banter Blitz Cup"]
[Site "chess24.com INT"]
[Date "2019.10.03"]
[Round "1.11"]
[White "Fressinet, Laurent"]
[Black "Alonso Rosell, Alvar"]
[Result "1/2-1/2"]
[WhiteTitle "GM"]
[BlackTitle "GM"]
[WhiteElo "2633"]
[BlackElo "2548"]
[WhiteFideId "608742"]
[BlackFideId "2270544"]
[EventDate "2019.09.25"]
[EventType "blitz"]

1. d4 d5 2. c4 e6 3. Nf3 Nf6 4. g3 Be7 5. Bg2 O-O 6. O-O c6 7. b3 b6 8. Bb2 Ba6
9. Nbd2 Nbd7 10. Qc2 Rc8 11. Rfd1 h6 12. Rac1 Bb7 13. e4 dxe4 14. Nxe4 Qc7 15.
Ne5 Rfd8 16. Nxf6+ Bxf6 17. Qe2 Bg5 18. Rb1 c5 19. Bxb7 Qxb7 20. Nxd7 Rxd7 21.
dxc5 bxc5 22. h4 Be7 23. Rxd7 Qxd7 24. Rd1 Qb7 25. Qg4 Bf8 26. Bc3 Ra8 27. Rd3
a5 28. Qf3 Qxf3 29. Rxf3 a4 30. Rd3 axb3 31. axb3 f6 32. Bd2 e5 33. Be3 Kf7 34.
Rd5 Rc8 35. Rd7+ Ke6 36. Rb7 Be7 37. h5 f5 38. Kg2 Rd8 39. Rb6+ Kd7 40. Rb7+ Ke6
41. Rb6+ Kd7 42. Rb7+ Ke6 1/2-1/2

[Event "Chess24 Banter Blitz Cup"]
[Site "chess24.com INT"]
[Date "2019.10.03"]
[Round "1.12"]
[White "Alonso Rosell, Alvar"]
[Black "Fressinet, Laurent"]
[Result "0-1"]
[WhiteTitle "GM"]
[BlackTitle "GM"]
[WhiteElo "2548"]
[BlackElo "2633"]
[WhiteFideId "2270544"]
[BlackFideId "608742"]
[EventDate "2019.09.25"]
[EventType "blitz"]

1. Nf3 d5 2. c4 e6 3. g3 Nf6 4. Bg2 Be7 5. O-O O-O 6. b3 a5 7. Nc3 c6 8. Bb2
Nbd7 9. Qc2 b6 10. d3 Bb7 11. e4 dxe4 12. dxe4 e5 13. Ne2 Qc7 14. Nh4 g6 15. f4
Ng4 16. Qc3 Bc5+ 17. Kh1 Rae8 18. h3 Ne3 19. Rf3 Nxg2 20. Kxg2 f6 21. Rd1 Rf7
22. Kh2 Bf8 23. f5 g5 24. Ng2 Nc5 25. Qc2 Rd8 26. Rxd8 Qxd8 27. h4 h6 28. Bc1
Rd7 29. Rf1 Rd3 30. Ne1 Rd1 31. Nc3 Rd7 32. Be3 Nd3 33. Nxd3 Rxd3 34. Rd1 Rxc3
35. Qb1 Qc7 36. Bd2 Rf3 37. hxg5 hxg5 38. Kg2 g4 39. Rh1 c5 40. Rh4 Qg7 41. Bh6
Qxh6 42. Rxg4+ Bg7 43. Kxf3 Qh5 44. Qd3 Kh7 45. a4 Bc6 46. Qe2 Bb7 47. Ke3 Bh6+
48. Kd3 Qe8 49. Rh4 Kg7 50. Qh2 Qh8 51. Rg4+ Kf8 52. Rg6 Bxe4+ 53. Kxe4 Qh7 0-1

[Event "Chess24 Banter Blitz Cup"]
[Site "chess24.com INT"]
[Date "2019.10.03"]
[Round "1.1"]
[White "Abdusattorov, Nodirbek"]
[Black "Flores, Diego"]
[Result "1-0"]
[WhiteTitle "GM"]
[BlackTitle "GM"]
[WhiteElo "2608"]
[BlackElo "2606"]
[WhiteFideId "14204118"]
[BlackFideId "108049"]
[EventDate "2019.09.25"]
[EventType "blitz"]

1. e4 c5 2. Nf3 e6 3. d4 cxd4 4. Nxd4 a6 5. c4 Nf6 6. Nc3 Qc7 7. a3 b6 8. Be2
Bb7 9. f3 h5 10. Be3 h4 11. Qd2 Be7 12. b4 Nc6 13. Rc1 Ne5 14. Na4 d6 15. Nxb6
Qxb6 16. Nxe6 Qc6 17. Nxg7+ Kf8 18. Nf5 h3 19. g4 Nxe4 20. fxe4 Qxe4 21. Rg1 Rg8
22. Qd4 Qxd4 23. Bxd4 Rc8 24. Nxe7 Kxe7 25. c5 Ke6 26. Rg3 dxc5 27. Rxc5 Rxc5
28. Bxc5 Rd8 29. Rxh3 Rg8 30. Re3 f6 31. h3 Rh8 32. Kf2 Rh7 33. Kg3 Rd7 34. Kf4
Rd2 35. g5 fxg5+ 36. Kxg5 Kd5 37. Kf4 Ng6+ 38. Kg3 Ne5 39. h4 Bc8 40. h5 Bf5 41.
h6 Nc4 42. Bf3+ 1-0

[Event "Chess24 Banter Blitz Cup"]
[Site "chess24.com INT"]
[Date "2019.10.03"]
[Round "1.2"]
[White "Flores, Diego"]
[Black "Abdusattorov, Nodirbek"]
[Result "0-1"]
[WhiteTitle "GM"]
[BlackTitle "GM"]
[WhiteElo "2606"]
[BlackElo "2608"]
[WhiteFideId "108049"]
[BlackFideId "14204118"]
[EventDate "2019.09.25"]
[EventType "blitz"]

1. c4 Nf6 2. Nc3 e5 3. Nf3 Nc6 4. e3 Bb4 5. Nd5 Be7 6. Qc2 d6 7. a3 O-O 8. b4 e4
9. Ng1 Re8 10. Bb2 Bf5 11. f4 Nxd5 12. cxd5 Nb8 13. Ne2 c5 14. Ng3 Bh4 15. bxc5
dxc5 16. Qxc5 Nd7 17. Qb4 Nf6 18. Bc4 Nh5 19. Kf2 Rc8 20. Rac1 Nf6 21. Qb3 Qd7
22. Rhf1 a6 23. a4 Bxg3+ 24. hxg3 Ng4+ 25. Kg1 Qd6 26. Be2 Rxc1 27. Rxc1 b5 28.
axb5 axb5 29. Bxg4 Bxg4 30. Kf2 Rd8 31. Be5 Qxd5 32. Qc3 f6 33. Bd4 Rc8 34.
Qxc8+ Bxc8 35. Rxc8+ Kf7 36. Rc7+ Kg6 37. Bc3 b4 0-1

[Event "Chess24 Banter Blitz Cup"]
[Site "chess24.com INT"]
[Date "2019.10.03"]
[Round "1.3"]
[White "Abdusattorov, Nodirbek"]
[Black "Flores, Diego"]
[Result "1-0"]
[WhiteTitle "GM"]
[BlackTitle "GM"]
[WhiteElo "2608"]
[BlackElo "2606"]
[WhiteFideId "14204118"]
[BlackFideId "108049"]
[EventDate "2019.09.25"]
[EventType "blitz"]

1. e4 c5 2. Nf3 e6 3. d4 cxd4 4. Nxd4 a6 5. c4 Qc7 6. Nc3 Nf6 7. Be2 b6 8. O-O
Bb7 9. Qd3 Nc6 10. Nxc6 dxc6 11. Bg5 Bd6 12. Bxf6 gxf6 13. Kh1 c5 14. Qh3 Ke7
15. Qh4 Be5 16. f4 Bxc3 17. bxc3 Bxe4 18. Rae1 Qc6 19. Bf3 Bxf3 20. Rxf3 Rad8
21. f5 e5 22. Rxe5+ Kd7 23. Rd5+ Kc8 24. Rfd3 Rde8 25. Rd6 Qe4 26. Qxe4 Rxe4 27.
Kg1 Rxc4 28. Rxb6 Re8 29. Rxa6 Re2 30. Rxf6 Rf4 31. h3 Rxa2 32. Rxf7 h5 33. f6
h4 34. Rh7 Ra1+ 35. Kh2 Rff1 36. Rxh4 Rxf6 37. Rd5 Ra2 38. Rxc5+ Kd7 39. Rd4+
Ke7 40. Rc7+ Ke8 41. Rh4 Kd8 42. Rg7 Rf8 43. Rb4 Kc8 44. h4 Rh8 45. Kh3 Rc2 46.
Rbg4 Rxc3+ 47. Rg3 Rc1 48. Rg8+ Rxg8 49. Rxg8+ Kd7 50. h5 Ke6 51. Kh4 Kf7 52.
Ra8 Kf6 53. Ra6+ Kf5 54. g4+ Kf4 55. Rf6+ Ke5 56. Rf5+ Ke6 57. h6 Rh1+ 58. Kg5 1-0

[Event "Chess24 Banter Blitz Cup"]
[Site "chess24.com INT"]
[Date "2019.10.03"]
[Round "1.4"]
[White "Flores, Diego"]
[Black "Abdusattorov, Nodirbek"]
[Result "1-0"]
[WhiteTitle "GM"]
[BlackTitle "GM"]
[WhiteElo "2606"]
[BlackElo "2608"]
[WhiteFideId "108049"]
[BlackFideId "14204118"]
[EventDate "2019.09.25"]
[EventType "blitz"]

1. c4 Nf6 2. Nc3 e5 3. Nf3 Nc6 4. g3 Bb4 5. Nd5 e4 6. Nh4 O-O 7. Bg2 Re8 8. O-O
Bf8 9. d3 exd3 10. Qxd3 Ne5 11. Qc2 c6 12. Nxf6+ Qxf6 13. b3 d6 14. Bb2 Qe7 15.
e4 Ng6 16. Nf5 Bxf5 17. exf5 Ne5 18. Rfe1 Qc7 19. Re4 Nd7 20. Rae1 Rxe4 21. Qxe4
Qa5 22. a3 d5 23. cxd5 cxd5 24. Qe2 Rd8 25. b4 Qb6 26. Bxd5 Nf6 27. Bb3 Re8 28.
Qd1 Rxe1+ 29. Qxe1 a5 30. Qc3 Ne4 31. Bxf7+ Kh8 32. Qf3 Nd6 33. Be6 axb4 34. f6
Qd8 35. axb4 Qe8 36. Bd5 b5 37. Kg2 Qg6 38. fxg7+ 1-0

[Event "Chess24 Banter Blitz Cup"]
[Site "chess24.com INT"]
[Date "2019.10.03"]
[Round "1.5"]
[White "Abdusattorov, Nodirbek"]
[Black "Flores, Diego"]
[Result "1-0"]
[WhiteTitle "GM"]
[BlackTitle "GM"]
[WhiteElo "2608"]
[BlackElo "2606"]
[WhiteFideId "14204118"]
[BlackFideId "108049"]
[EventDate "2019.09.25"]
[EventType "blitz"]

1. d4 Nf6 2. c4 c5 3. Nf3 cxd4 4. Nxd4 e6 5. Nc3 a6 6. e4 Qc7 7. Be3 b6 8. Rc1
Bb7 9. f3 Be7 10. Be2 O-O 11. O-O Bd6 12. g3 Bxg3 13. hxg3 Qxg3+ 14. Kh1 Nxe4
15. Nxe4 Bxe4 16. Qe1 Qh3+ 17. Kg1 Bb7 18. Qf2 f5 19. Qg2 Qh5 20. Qg5 Qe8 21.
Kf2 Rf6 22. Rg1 Rg6 23. Qh4 f4 24. Bd2 e5 25. Nf5 Nc6 26. Rxg6 Qxg6 27. Bd3 Qf6
28. Qxf6 gxf6 29. Rg1+ Kf7 30. Nd6+ Ke6 31. Nxb7 Rb8 32. Bxh7 Rxb7 33. Be4 Rc7
34. Rg7 Nd4 35. Bd5+ Kf5 36. b4 a5 37. b5 Nc2 38. Be4+ Ke6 39. Bxc2 1-0

[Event "Chess24 Banter Blitz Cup"]
[Site "chess24.com INT"]
[Date "2019.10.03"]
[Round "1.6"]
[White "Flores, Diego"]
[Black "Abdusattorov, Nodirbek"]
[Result "1-0"]
[WhiteTitle "GM"]
[BlackTitle "GM"]
[WhiteElo "2606"]
[BlackElo "2608"]
[WhiteFideId "108049"]
[BlackFideId "14204118"]
[EventDate "2019.09.25"]
[EventType "blitz"]

1. c4 Nf6 2. Nc3 c5 3. g3 d5 4. Bg2 d4 5. Na4 e5 6. d3 Be7 7. Nf3 Nc6 8. O-O O-O
9. e4 dxe3 10. Bxe3 Nd4 11. Nxe5 Qc7 12. Nf3 Nxf3+ 13. Bxf3 Bf5 14. d4 cxd4 15.
Qxd4 Rad8 16. Qf4 Qxf4 17. Bxf4 Bd3 18. Rfc1 Be4 19. Bxe4 Nxe4 20. Rd1 f5 21.
Kg2 Kf7 22. f3 Ng5 23. Nc3 Ne6 24. Be3 Bf6 25. Nd5 Be5 26. f4 Bb8 27. Rd2 Rd7
28. Rc1 Rc8 29. a4 a6 30. a5 Nc5 31. Bxc5 Rxc5 32. b4 Rc8 33. Kf3 Bd6 34. Nb6 1-0

[Event "Chess24 Banter Blitz Cup"]
[Site "chess24.com INT"]
[Date "2019.10.03"]
[Round "1.7"]
[White "Abdusattorov, Nodirbek"]
[Black "Flores, Diego"]
[Result "1-0"]
[WhiteTitle "GM"]
[BlackTitle "GM"]
[WhiteElo "2608"]
[BlackElo "2606"]
[WhiteFideId "14204118"]
[BlackFideId "108049"]
[EventDate "2019.09.25"]
[EventType "blitz"]

1. e4 e5 2. Nf3 Nc6 3. Bb5 Bc5 4. O-O Nge7 5. d3 d6 6. Be3 Bb6 7. Bxb6 axb6 8.
Nc3 O-O 9. d4 Bg4 10. dxe5 Nxe5 11. Be2 Bxf3 12. Bxf3 c6 13. a4 f5 14. exf5 Nxf5
15. Be2 d5 16. Qd2 Qf6 17. Rae1 Rae8 18. f4 Nd7 19. Bd3 Nc5 20. Bxf5 Qxf5 21. g3
h6 22. b4 Nd7 23. Qd3 Qxd3 24. cxd3 Kf7 25. Kf2 Ra8 26. d4 Nf6 27. Kf3 Ne8 28.
g4 Nd6 29. h4 Ne4 30. Nxe4 dxe4+ 31. Rxe4 Rxa4 32. Rfe1 Rxb4 33. Re7+ Kg8 34.
R1e4 Rf7 35. Re8+ Rf8 36. R8e7 Rf7 37. Re8+ Kh7 38. h5 Rb3+ 39. Ke2 Rb2+ 40. Kd3
Rb3+ 41. Kc2 Rg3 42. f5 Rg2+ 43. Kd3 Rg3+ 44. Ke2 Rd7 45. Rb8 Rg2+ 46. Kf3 Rd2
47. Ree8 g6 48. f6 1-0

[Event "Chess24 Banter Blitz Cup"]
[Site "chess24.com INT"]
[Date "2019.10.03"]
[Round "1.8"]
[White "Flores, Diego"]
[Black "Abdusattorov, Nodirbek"]
[Result "0-1"]
[WhiteTitle "GM"]
[BlackTitle "GM"]
[WhiteElo "2606"]
[BlackElo "2608"]
[WhiteFideId "108049"]
[BlackFideId "14204118"]
[EventDate "2019.09.25"]
[EventType "blitz"]

1. e4 c5 2. Bc4 e6 3. Nc3 Nc6 4. d3 g6 5. h4 h6 6. f4 Bg7 7. h5 Nge7 8. hxg6
fxg6 9. Nf3 d5 10. Bb3 O-O 11. f5 gxf5 12. exd5 Nxd5 13. Nxd5 exd5 14. Bxh6 Be6
15. Bxg7 Kxg7 16. Qd2 Qf6 17. O-O-O Rh8 18. Rh3 Rxh3 19. gxh3 Rg8 20. Ng5 Nd4
21. Re1 Re8 22. Bxd5 Bd7 23. Rg1 Ne2+ 24. Kd1 Nxg1 25. Qg2 Bc6 26. Bxc6 bxc6 27.
Qxg1 Qxb2 28. Qg3 Qe5 29. Ne6+ Kf6 30. Nf4 Kf7 31. Qg6+ Kf8 32. Qh6+ Qg7 33.
Ne6+ Rxe6 34. Qxe6 Qg1+ 35. Kd2 Qf2+ 36. Kc3 Qd4+ 37. Kb3 Qb4# 0-1

[Event "Chess24 Banter Blitz Cup"]
[Site "chess24.com INT"]
[Date "2019.10.03"]
[Round "1.9"]
[White "Abdusattorov, Nodirbek"]
[Black "Flores, Diego"]
[Result "0-1"]
[WhiteTitle "GM"]
[BlackTitle "GM"]
[WhiteElo "2608"]
[BlackElo "2606"]
[WhiteFideId "14204118"]
[BlackFideId "108049"]
[EventDate "2019.09.25"]
[EventType "blitz"]

1. e4 d6 2. d4 Nf6 3. Nc3 c6 4. a4 g6 5. g3 Bg7 6. Bg2 O-O 7. Nge2 e5 8. O-O Re8
9. dxe5 dxe5 10. Qxd8 Rxd8 11. f3 a5 12. Be3 Na6 13. Bb6 Rd2 14. Rfd1 Rxd1+ 15.
Rxd1 Nd7 16. Be3 Bf8 17. Kf2 Bc5 18. Bh3 Bxe3+ 19. Kxe3 Nac5 20. f4 Kf8 21. fxe5
Ke7 22. e6 fxe6 23. b3 e5 24. Nc1 Nf6 25. Bxc8 Rxc8 26. h3 Nh5 27. N3e2 Rf8 28.
Nd3 Nxd3 29. cxd3 Nf6 30. Rb1 Nd7 31. b4 axb4 32. Rxb4 Nc5 33. Rc4 Kd6 34. Nc3
Ne6 35. Rb4 Kc7 36. Ne2 Rf1 37. d4 exd4+ 38. Nxd4 Nc5 39. Rc4 Re1+ 40. Kf2 Rxe4
41. Kf3 Re5 42. g4 Kd6 43. Rb4 Kd5 44. Nc2 Re6 45. Ne3+ Kd6 46. Nc4+ Kc7 47. Ne3
Re7 48. Ke2 Ne4 49. Kd3 Nf6 50. Kd2 Rxe3 51. Kxe3 Nd5+ 52. Kd4 Nxb4 53. Ke5 Na6
54. Kf6 c5 55. Kg7 c4 56. Kxh7 c3 57. Kxg6 c2 58. g5 c1=Q 59. Kh7 Nc5 60. g6 Qg5
61. g7 Qh5+ 62. Kg8 Ne6 63. h4 Qg6 0-1

[Event "Chess24 Banter Blitz Cup"]
[Site "chess24.com INT"]
[Date "2019.10.03"]
[Round "1.10"]
[White "Flores, Diego"]
[Black "Abdusattorov, Nodirbek"]
[Result "0-1"]
[WhiteTitle "GM"]
[BlackTitle "GM"]
[WhiteElo "2606"]
[BlackElo "2608"]
[WhiteFideId "108049"]
[BlackFideId "14204118"]
[EventDate "2019.09.25"]
[EventType "blitz"]

1. d4 Nf6 2. c4 e6 3. Nc3 Bb4 4. e3 O-O 5. a3 Bxc3+ 6. bxc3 d6 7. Bd3 e5 8. Ne2
c5 9. O-O Nc6 10. Ng3 b6 11. f4 exd4 12. cxd4 cxd4 13. exd4 d5 14. f5 dxc4 15.
Bxc4 Qxd4+ 16. Qxd4 Nxd4 17. Bb2 Nc2 18. Rac1 Ne3 19. Rfe1 Nxf5 20. Bxf6 gxf6
21. Nh5 Nd6 22. Bd5 Bb7 23. Bxb7 Nxb7 24. Rc3 Rac8 25. Rg3+ Kh8 26. Nxf6 Rc6 27.
Rf1 h6 28. Rh3 Kg7 29. Rg3+ Kh8 30. Rf4 Rd8 31. h3 Nc5 32. Kh2 Nd7 33. Nh5 Ne5
34. Rf5 Nc4 35. Rxf7 Rg8 36. Nf6 Rxf6 37. Rxf6 Rxg3 38. Kxg3 Kg7 39. Rc6 Nxa3
40. Rc7+ Kg6 41. Rxa7 Nc4 42. Rb7 Kg5 43. Kf3 Ne5+ 44. Ke4 Nc4 45. g3 Nd6+ 46.
Kd5 Nxb7 47. Kc6 Nc5 48. Kxb6 Ne4 49. Kc6 Nxg3 50. Kd5 Kh4 51. Ke5 Kxh3 52. Kf4
h5 53. Kg5 h4 54. Kf4 Kg2 55. Kg4 h3 56. Kf4 h2 57. Ke5 h1=Q 58. Kd6 Qd1+ 59.
Ke7 Qd5 60. Kf6 Kf3 61. Ke7 Kf4 62. Kf6 Kg4 63. Ke7 Kg5 64. Kf8 Kf6 65. Ke8 Qd4 0-1

[Event "Chess24 Banter Blitz Cup"]
[Site "chess24.com INT"]
[Date "2019.10.03"]
[Round "1.11"]
[White "Abdusattorov, Nodirbek"]
[Black "Flores, Diego"]
[Result "1-0"]
[WhiteTitle "GM"]
[BlackTitle "GM"]
[WhiteElo "2608"]
[BlackElo "2606"]
[WhiteFideId "14204118"]
[BlackFideId "108049"]
[EventDate "2019.09.25"]
[EventType "blitz"]

1. e4 e5 2. Nf3 Nc6 3. Nc3 Nf6 4. d4 exd4 5. Nxd4 Bc5 6. Nxc6 bxc6 7. Bd3 d6 8.
O-O Ng4 9. h3 h5 10. Na4 Bb6 11. Nxb6 axb6 12. Bf4 Qf6 13. Qd2 Ne5 14. Bg5 Qg6
15. f4 Nxd3 16. cxd3 f6 17. Bh4 Bxh3 18. f5 Qg4 19. Rf4 Qxg2+ 20. Qxg2 Bxg2 21.
Kxg2 c5 22. a3 b5 23. Rc1 Kd7 24. Rf2 Rhe8 25. Kf3 Re7 26. Rg2 Ra4 27. Bf2 b4
28. axb4 Rxb4 29. Rcg1 Rb3 30. Rxg7 Rxd3+ 31. Be3 Rb3 32. Rxe7+ Kxe7 33. Rg7+
Kd8 34. Rf7 Rxb2 35. Rxf6 c4 36. Rh6 c3 37. Rxh5 c2 38. Rh1 Rb1 39. Rc1 Rb2 40.
Ke2 Kd7 41. Bd4 Rb4 42. Kd3 c5 43. Bc3 Rb1 44. Kxc2 Rb8 1-0

[Event "Chess24 Banter Blitz Cup"]
[Site "chess24.com INT"]
[Date "2019.10.03"]
[Round "1.12"]
[White "Flores, Diego"]
[Black "Abdusattorov, Nodirbek"]
[Result "0-1"]
[WhiteTitle "GM"]
[BlackTitle "GM"]
[WhiteElo "2606"]
[BlackElo "2608"]
[WhiteFideId "108049"]
[BlackFideId "14204118"]
[EventDate "2019.09.25"]
[EventType "blitz"]

1. Nf3 Nf6 2. c4 e6 3. Nc3 d5 4. d4 Be7 5. Bg5 h6 6. Bxf6 Bxf6 7. e3 c6 8. Qc2
O-O 9. h4 g6 10. g4 Bg7 11. Bd3 dxc4 12. Bxc4 c5 13. O-O-O cxd4 14. exd4 Qc7 15.
Bb3 Qf4+ 16. Nd2 Nc6 17. Ne2 Qxf2 18. Ne4 Qe3+ 19. Rd2 Nb4 20. Qb1 Bd7 21. Kd1
Bc6 22. d5 Nxd5 23. Rd3 Qxe4 24. Rhh3 Nb4 25. Ke1 Nxd3+ 26. Qxd3 Qxd3 27. Rxd3
Rfd8 0-1

[Event "Chess24 Banter Blitz Cup"]
[Site "chess24.com INT"]
[Date "2019.10.05"]
[Round "1.1"]
[White "Amin, Bassem"]
[Black "Guichard, Pauline"]
[Result "1-0"]
[WhiteTitle "GM"]
[BlackTitle "IM"]
[WhiteElo "2699"]
[BlackElo "2407"]
[WhiteFideId "10601457"]
[BlackFideId "639370"]
[EventDate "2019.09.25"]
[EventType "blitz"]

1. e4 e5 2. Nf3 Nc6 3. Bc4 Nf6 4. d3 Be7 5. O-O O-O 6. Re1 d6 7. a4 Na5 8. Ba2
c5 9. c3 Nc6 10. Na3 a6 11. Bd2 Rb8 12. Nc4 b5 13. axb5 axb5 14. Ne3 Be6 15. Nd5
Bg4 16. h3 Bd7 17. b4 cxb4 18. cxb4 Nxd5 19. Bxd5 Rc8 20. Qb3 Qb6 21. Ra2 Ra8
22. Rea1 Rxa2 23. Qxa2 Nd4 24. Nxd4 Qxd4 25. Qa7 Qxa7 26. Rxa7 Rd8 27. Be3 Kf8
28. Bb6 Rb8 29. Bc7 Rc8 30. Bxd6 Bxd6 31. Rxd7 Bxb4 32. Rxf7+ Ke8 33. Rxg7 Rc1+
34. Kh2 Bc5 35. Kg3 Rc2 36. Rxh7 Bxf2+ 37. Kf3 Bd4 38. h4 Rf2+ 39. Kg3 Rxg2+ 40.
Kxg2 1-0

[Event "Chess24 Banter Blitz Cup"]
[Site "chess24.com INT"]
[Date "2019.10.05"]
[Round "1.2"]
[White "Guichard, Pauline"]
[Black "Amin, Bassem"]
[Result "0-1"]
[WhiteTitle "IM"]
[BlackTitle "GM"]
[WhiteElo "2407"]
[BlackElo "2699"]
[WhiteFideId "639370"]
[BlackFideId "10601457"]
[EventDate "2019.09.25"]
[EventType "blitz"]

1. d4 Nf6 2. Bf4 g6 3. Nc3 d5 4. e3 Bg7 5. h4 c6 6. Be2 h6 7. Nf3 b5 8. Ne5 Nfd7
9. h5 g5 10. Bg3 Nxe5 11. Bxe5 f6 12. Bg3 e5 13. f4 gxf4 14. exf4 e4 15. f5 Bxf5
16. O-O Qd7 17. Qd2 Be6 18. Qf4 f5 19. Qh4 Bxd4+ 20. Kh1 Qe7 21. Qh2 Nd7 22.
Rad1 Bc5 23. a3 a5 24. b4 axb4 25. axb4 Bxb4 26. Ra1 Rxa1 27. Rxa1 Bxc3 28. Bd6
Qg5 29. Ra8+ Kf7 30. Rxh8 Qc1+ 31. Qg1 Qxg1+ 0-1

[Event "Chess24 Banter Blitz Cup"]
[Site "chess24.com INT"]
[Date "2019.10.05"]
[Round "1.3"]
[White "Amin, Bassem"]
[Black "Guichard, Pauline"]
[Result "1-0"]
[WhiteTitle "GM"]
[BlackTitle "IM"]
[WhiteElo "2699"]
[BlackElo "2407"]
[WhiteFideId "10601457"]
[BlackFideId "639370"]
[EventDate "2019.09.25"]
[EventType "blitz"]

1. Nf3 Nf6 2. g3 g6 3. Bg2 Bg7 4. O-O O-O 5. d3 d5 6. Nbd2 c5 7. e4 Nc6 8. Re1
e5 9. c3 Re8 10. exd5 Nxd5 11. Qb3 Nb6 12. Ne4 Be6 13. c4 Nd4 14. Nxd4 cxd4 15.
Nc5 Bc8 16. Nxb7 Qc7 17. Na5 Bd7 18. Bd2 Rab8 19. Qd1 Na4 20. b4 Nc3 21. Bxc3
dxc3 22. a3 Bf5 23. Be4 Bxe4 24. dxe4 Bh6 25. c5 Rbd8 26. Qc2 Bd2 27. Re2 Rd7
28. Nc4 Red8 29. Rd1 Qc6 30. Nxe5 Qe6 31. Nxd7 Rxd7 32. b5 Qc4 33. c6 Rd4 34.
Rexd2 cxd2 35. Qxc4 Rxc4 36. Rxd2 Rc1+ 37. Kg2 Kg7 38. Rd7 Kf6 39. a4 Ke6 40.
Rxa7 Ke5 41. c7 Kd6 42. b6 Kd7 43. a5 Rb1 44. Ra8 Rc1 45. Rd8+ Ke7 46. c8=Q 1-0

[Event "Chess24 Banter Blitz Cup"]
[Site "chess24.com INT"]
[Date "2019.10.05"]
[Round "1.4"]
[White "Guichard, Pauline"]
[Black "Amin, Bassem"]
[Result "1-0"]
[WhiteTitle "IM"]
[BlackTitle "GM"]
[WhiteElo "2407"]
[BlackElo "2699"]
[WhiteFideId "639370"]
[BlackFideId "10601457"]
[EventDate "2019.09.25"]
[EventType "blitz"]

1. d4 e6 2. Bf4 f5 3. c4 Nf6 4. Nc3 Bb4 5. e3 O-O 6. Bd3 Bxc3+ 7. bxc3 b6 8. Ne2
Bb7 9. O-O d6 10. a4 Nbd7 11. a5 Rb8 12. axb6 axb6 13. Ra7 Qe8 14. Bg3 Ne4 15.
Qc2 e5 16. Rfa1 Nxg3 17. hxg3 e4 18. Nf4 exd3 19. Qxd3 g6 20. c5 dxc5 21. d5 Qe4
22. Qb5 Ne5 23. R1a4 Qc2 24. Ra1 Qxc3 25. Ne6 Rf7 26. Rd1 Bxd5 27. Nxc7 Qb3 28.
Qe2 Bc4 29. Qd2 Qd3 30. Qxd3 Bxd3 31. Rda1 c4 32. Ne6 Rxa7 33. Rxa7 Rc8 34. Rg7+
Kh8 35. Rb7 c3 36. Nd4 c2 37. Nxc2 Bxc2 38. g4 Nxg4 39. f3 Rd8 40. fxg4 Rd1+ 41.
Kf2 Be4 42. Kg3 1-0

[Event "Chess24 Banter Blitz Cup"]
[Site "chess24.com INT"]
[Date "2019.10.05"]
[Round "1.5"]
[White "Amin, Bassem"]
[Black "Guichard, Pauline"]
[Result "1/2-1/2"]
[WhiteTitle "GM"]
[BlackTitle "IM"]
[WhiteElo "2699"]
[BlackElo "2407"]
[WhiteFideId "10601457"]
[BlackFideId "639370"]
[EventDate "2019.09.25"]
[EventType "blitz"]

1. Nf3 Nf6 2. g3 g6 3. Bg2 Bg7 4. O-O O-O 5. d3 d5 6. Nbd2 c6 7. e4 Re8 8. e5
Nfd7 9. Re1 Nf8 10. Nf1 b6 11. h4 Bg4 12. N1h2 Bxf3 13. Qxf3 Nbd7 14. d4 Ne6 15.
c3 b5 16. Bh3 Ndf8 17. Ng4 c5 18. Be3 cxd4 19. cxd4 Rc8 20. Bf1 Qd7 21. Bd3 h5
22. Nh2 Nh7 23. g4 hxg4 24. Nxg4 Nef8 25. Kg2 Rc7 26. Rh1 f5 27. Nh6+ Bxh6 28.
Bxh6 Ne6 29. h5 g5 30. Bxf5 Nf4+ 31. Qxf4 gxf4 32. Bxd7 Rxd7 33. Kf3 Kh8 34.
Rhg1 e6 35. Rg6 Nf8 36. Rag1 Nxg6 37. hxg6 Kg8 38. Bg5 Rg7 39. Bf6 Rc8 40. Bxg7
Kxg7 41. Kxf4 Rc2 42. Ke3 Rxb2 43. f4 Rxa2 44. f5 exf5 45. e6 Ra6 46. Kf4 Rxe6
47. Kxf5 Re4 48. Rh1 Rxd4 49. Rh7+ Kg8 50. Rxa7 Rd1 51. Ke6 Rf1 52. Kxd5 Rf8 53.
Kc5 Rb8 54. Kb4 Rc8 55. Kxb5 Re8 56. g7 1/2-1/2

[Event "Chess24 Banter Blitz Cup"]
[Site "chess24.com INT"]
[Date "2019.10.05"]
[Round "1.6"]
[White "Guichard, Pauline"]
[Black "Amin, Bassem"]
[Result "0-1"]
[WhiteTitle "IM"]
[BlackTitle "GM"]
[WhiteElo "2407"]
[BlackElo "2699"]
[WhiteFideId "639370"]
[BlackFideId "10601457"]
[EventDate "2019.09.25"]
[EventType "blitz"]

1. d4 e6 2. Bf4 f5 3. Nf3 Nf6 4. g3 d6 5. Bg2 Be7 6. c4 O-O 7. Nc3 Qe8 8. O-O
Nbd7 9. Qd3 Qh5 10. b4 a6 11. c5 Rd8 12. Rac1 Kh8 13. a4 e5 14. dxe5 dxe5 15.
Qe3 Ng4 16. Qd2 exf4 17. Qxf4 Nde5 18. h3 Nxf3+ 19. exf3 Nf6 20. Qxc7 Rd7 21.
Qe5 Bf8 22. f4 Re7 23. Qd4 Be6 24. Rfe1 Rae8 25. b5 axb5 26. axb5 Rd7 27. Qb4 b6
28. Na4 bxc5 29. Nxc5 Rc7 30. b6 Rxc5 31. Rxc5 Nd7 32. b7 Bxc5 33. Qb5 Qg6 34.
Bc6 Qxg3+ 35. Kh1 Qxh3+ 36. Kg1 Qg3+ 37. Kh1 Bd5+ 0-1